¿Podrás Nombrar a estos 50 Cantantes Hispanohablantes? - Estadísticas

Estadísticas generales
  • Esta prueba ha sido intentada 510 veces
    493 desde el último reinicio
  • La puntuación promedio es 22 de 50
Estadísticas de respuestas
Imagen Respuesta % Correcto
Shakira
99%
Luis Fonsi
86%
Bad Bunny
85%
Maluma
85%
J Balvin
81%
Ozuna
81%
Daddy Yankee
80%
Ricky Martin
80%
Julio Iglesias
73%
Pitbull
72%
Raphael
70%
Luis Miguel
69%
Romeo Santos
68%
Chayanne
67%
Alejandro Sanz
66%
Miguel Bosé
63%
Myke Towers
62%
Carlos Vives
60%
Isabel Pantoja
60%
Juanes
58%
Yandel
56%
Wisin
55%
Marc Anthony
53%
Don Omar
51%
Prince Royce
43%
Selena
41%
Julieta Venegas
38%
Celia Cruz
33%
Juan Luis Guerra
32%
Paquita La Del Barrio
30%
Camilo Sesto
29%
Thalía
26%
Juan Gabriel
25%
Vicente Fernández
25%
Gustavo Cerati
21%
José Luis Perales
21%
Ricardo Arjona
20%
Ricardo Montaner
20%
Paloma San Basilio
18%
Plácido Domingo
18%
Marco Antonio Solís
17%
Gloria Estefan
16%
José José
16%
José Luis Rodríguez
14%
Ana Gabriel
12%
José Feliciano
12%
Leo Dan
8%
Pedro Infante
8%
Yuri
7%
Emmanuel
5%
No se encontraron pruebas coincidentes
Distribución de puntuación
Porcentaje de gente con cada puntuación
Porcentaje por número respondido
Historial de tus puntuaciones
No has intentado esta prueba desde el último reinicio